000 01916nam a2200313 4500
003 EC-UNACH
005 20260320130148.0
006 s||||gr|||| 00| 00
008 150116t9999 mx r gr 000 0 spa d
020 _a 978-9942-09-115-4
040 _aEC-UNACH
_cEC-UNACH
041 _aspa
082 0 4 _223
_a323.4
_bL018525
110 _aEdiciones Abya-Yala
245 _aJusticia indígena, plurinacionalidad e interculturalidad en Ecuador
250 _aPrimera edición
264 _aEcuador
_bEdiciones Abya-Yala
_c2013
300 _a650 paginas
505 _a1.Cuando los excluidos tienen derecho: justicia indígena, plurinacionalidad e interculturalidad 2. Del presente se inventa el futuro: justicias indígenas y Estado en Ecuador 3. Movimiento indígena del Ecuador a partir del siglo XX: visibilizando el resurgir, sus avances y retrocesos 4. Extractivismo y derechos de la naturaleza 5. Racismo en la justicia ordinaria 6. Criminalización de las comunidades indígenas 7. El reto de la igualdad: género y justicia indígena 8. ¿Debe aprender el derecho penal estatal de la justicia indígena? 9. Plurinacionalidad y Constitución 10. Justicia indígena ¿delito o construcción de la plurinacionalidad? 11. Disputas de poder y justicia: San Lucas (Saraguro) 12. Entre el garantismo y el colonialismo: Unión Venecia 13. Justicia indígena en el Distrito Metropolitano de Quito: La Toglla 14. No se aloquen, no vayan a carrera de caballo, vayan a carrera de burro: comunidades Chimborazo y Chibuleo 15. Coordinación entre justicias, ese desafío ...
650 _aADMINISTRACION DE JUSTICIA
650 _aINDIGENAS DE ECUADOR
650 _aCONCLUSIONES
700 _aBoaventura de Sousa Santos / Agustín Grijalva Jiménez
942 _2ddc
_c1
999 _c14334